[Event " 20. CAROBNI PRSTEN 2017"]
[Site "Valpovo"]
[Date "2017.12.08"]
[Round "1.1"]
[White "Maroslavac, Ivana"]
[Black "Ivekovic, Tihana"]
[Result "0-1"]
[WhiteElo "1687"]
[BlackElo "2142"]
[PlyCount "58"]
[EventDate "2017.12.08"]

1. e4 c5 2. Nf3 e6 3. d4 cxd4 4. Nxd4 a6 5. g3 g6 6. Bg2 Bg7 7. O-O Ne7 8. Nc3
O-O 9. Be3 Qc7 10. Qd2 Nbc6 11. Nb3 Ne5 12. Bf4 d6 13. Rab1 b5 14. Rfd1 Rd8 15.
Qe2 Bb7 16. Nd4 Rac8 17. Rdc1 Nc4 18. Be3 Nxb2 19. Rxb2 Qxc3 20. Rb3 Qc7 21.
Qd2 e5 22. Ne2 d5 23. Rc3 Qb8 24. Rxc8 Qxc8 25. exd5 Nxd5 26. Rd1 Rd7 27. Bxd5
Rxd5 28. Qc1 Rxd1+ 29. Qxd1 Qc6 0-1

[Event " 20. ČAROBNI PRSTEN 2017"]
[Site "Valpovo"]
[Date "2017.12.08"]
[Round "1.2"]
[White "Berke, Ana"]
[Black "Ivekovic, Zvjezdana"]
[Result "1-0"]
[WhiteElo "2122"]
[BlackElo "1683"]
[PlyCount "85"]
[EventDate "2017.12.08"]

1. e4 e5 2. Nf3 Nc6 3. Bb5 a6 4. Ba4 b5 5. Bb3 Nf6 6. d3 Bc5 7. Nc3 O-O 8. O-O
h6 9. h3 d6 10. a4 b4 11. Nd5 Bb7 12. a5 Nd4 13. Nxd4 exd4 14. Nxf6+ Qxf6 15.
Bd2 Rab8 16. f4 Rfd8 17. Qf3 c6 18. Rae1 d5 19. e5 Qg6 20. f5 Qh7 21. Rf2 Rf8
22. Kh2 g5 23. g4 f6 24. exf6 Qc7+ 25. Kg2 Rxf6 26. h4 gxh4 27. Rh1 Qg3+ 28.
Qxg3 hxg3 29. Kxg3 Bd6+ 30. Kf3 Kg7 31. Bf4 c5 32. Ba4 Rc8 33. Re2 Bxf4 34.
Kxf4 Rc7 35. Be8 Bc8 36. Bg6 c4 37. Reh2 Rcc6 38. Rxh6 Rxg6 39. Rxg6+ Rxg6 40.
fxg6 Kxg6 41. Rh8 Bd7 42. Rb8 Bb5 43. Rxb5 1-0

[Event " 20. ČAROBNI PRSTEN 2017"]
[Site "Valpovo"]
[Date "2017.12.08"]
[Round "1.3"]
[White "Mikic, Ivana"]
[Black "Ivekovic, Ana"]
[Result "1-0"]
[WhiteElo "1681"]
[BlackElo "2110"]
[PlyCount "111"]
[EventDate "2017.12.08"]

1. e4 d6 2. d4 g6 3. Nf3 Bg7 4. Bd3 Bg4 5. c3 Nf6 6. h3 Bd7 7. Qb3 Qc8 8. Nbd2
O-O 9. Nf1 Nc6 10. Ng3 e5 11. d5 Ne7 12. O-O Kh8 13. Nh2 Nfg8 14. f4 Bf6 15.
Nf3 exf4 16. Bxf4 Bg7 17. Rf2 f5 18. e5 dxe5 19. Nxe5 g5 20. Nxd7 gxf4 21. Nxf8
fxg3 22. Rf3 Bxf8 23. Rxg3 Bg7 24. Rf1 Nf6 25. c4 f4 26. Rgf3 Nh5 27. Qc2 Qg8
28. Re1 Bd4+ 29. Kh2 Bf6 30. Bf5 Nxf5 31. Qxf5 Qg6 32. Qxg6 hxg6 33. Re6 Kg7
34. b3 Rd8 35. Rf1 Kf7 36. Rfe1 Bh4 37. R1e2 Ng7 38. R6e4 Bg3+ 39. Kg1 Rd7 40.
Rd2 Ne8 41. Rde2 Nd6 42. Re6 Nf5 43. Rd2 Ne3 44. Re4 b6 45. Re6 c6 46. Rxc6 Nf5
47. Re6 b5 48. c5 Ne3 49. c6 Rxd5 50. Rxd5 Nxd5 51. Rd6 Nb6 52. c7 Nc8 53. Rd8
Ke7 54. Rxc8 Kd7 55. Ra8 Kxc7 56. Rxa7+ 1-0

[Event " 20. CAROBNI PRSTEN 2017"]
[Site "Valpovo"]
[Date "2017.12.08"]
[Round "1.4"]
[White "Vujnovic, Patricija"]
[Black "Purkic, Ruza"]
[Result "1-0"]
[WhiteElo "2084"]
[BlackElo "1529"]
[PlyCount "81"]
[EventDate "2017.12.08"]

1. d4 Nf6 2. c4 c5 3. d5 b5 4. a4 b4 5. g3 d6 6. b3 g6 7. Bb2 Bg7 8. Bg2 Nbd7
9. Nd2 O-O 10. Ngf3 a5 11. O-O Bb7 12. Qc2 Qc7 13. Rfe1 Rfe8 14. e4 e5 15. dxe6
fxe6 16. e5 dxe5 17. Nxe5 Bxg2 18. Nxd7 Qxd7 19. Kxg2 Rad8 20. Rad1 Qc6+ 21.
Kg1 Rd7 22. Bxf6 Bxf6 23. Ne4 Bd4 24. Qe2 Rf7 25. Rf1 Ref8 26. Rd3 e5 27. h3
Rf5 28. Kh2 Qxe4 29. Qxe4 Rxf2+ 30. Rxf2 Rxf2+ 31. Kg1 Rb2+ 32. Rxd4 exd4 33.
Qd5+ Kg7 34. Qxc5 Rxb3 35. Qxd4+ Kh6 36. Qf4+ g5 37. Qf6+ Kh5 38. Qf7+ Kh6 39.
g4 Rb1+ 40. Kg2 Rb2+ 41. Kf3 1-0

[Event " 20. CAROBNI PRSTEN 2017"]
[Site "Valpovo"]
[Date "2017.12.08"]
[Round "1.5"]
[White "Bevanda, Ema"]
[Black "Roklicer, Heike"]
[Result "1-0"]
[WhiteElo "1527"]
[BlackElo "2059"]
[PlyCount "53"]
[EventDate "2017.12.08"]

1. d4 d5 2. Bf4 c6 3. e3 Nf6 4. Nf3 a6 5. Bd3 Qb6 6. Qc1 Bg4 7. Nbd2 Nbd7 8.
O-O e6 9. c4 Be7 10. b3 O-O 11. Qc2 Bh5 12. Rac1 Rac8 13. Rfe1 Bb4 14. Ne5 Bg6
15. Red1 Qa5 16. Ndf3 Nxe5 17. Nxe5 Bh5 18. f3 Bg6 19. c5 Qd8 20. Bg5 Qe7 21.
Rf1 Rfd8 22. h3 Ba5 23. f4 Bxd3 24. Qxd3 g6 25. Ng4 Qf8 26. Nxf6+ Kg7 27. Ng4
1-0

[Event " 20. CAROBNI PRSTEN 2017"]
[Site "Valpovo"]
[Date "2017.12.08"]
[Round "1.6"]
[White "Kejzar, Petra"]
[Black "Koksa, Jelena"]
[Result "0-1"]
[WhiteElo "2039"]
[BlackElo "1514"]
[PlyCount "104"]
[EventDate "2017.12.08"]

1. b3 e5 2. Bb2 Nc6 3. e3 d6 4. d4 exd4 5. exd4 Nf6 6. Nf3 Bg4 7. Be2 Qe7 8.
O-O O-O-O 9. c4 g6 10. Nbd2 Bg7 11. d5 Nb8 12. Re1 Rhe8 13. Nd4 Bxe2 14. Rxe2
Qd7 15. Nb5 Na6 16. Nxa7+ Kb8 17. Nb5 Rxe2 18. Qxe2 Re8 19. Qf3 Qe7 20. h3 Nc5
21. b4 Nce4 22. Nb3 Ng5 23. Qd3 Qe2 24. Qxe2 Rxe2 25. Bd4 Nh5 26. Bxg7 Nxg7 27.
Kf1 Rc2 28. Na3 Rb2 29. Nb5 Kc8 30. c5 dxc5 31. bxc5 Ne4 32. f3 Ng3+ 33. Kg1
Ne2+ 34. Kf1 Ng3+ 35. Ke1 Rxg2 36. d6 Ne6 37. dxc7 Nxc7 38. Nd6+ Kd7 39. Nxb7
Nb5 40. Rd1+ Kc7 41. Rd6 Nxd6 42. Nxd6 Rxa2 43. Nd4 Nf5 44. N4b5+ Kc6 45. Nc3
Ra1+ 46. Kd2 Nxd6 47. cxd6 Kxd6 48. Ne4+ Ke5 49. Ng5 Ra7 50. Ke3 f5 51. f4+ Kd5
52. Kf3 h6 0-1

[Event " 20. CAROBNI PRSTEN 2017"]
[Site "Valpovo"]
[Date "2017.12.08"]
[Round "1.7"]
[White "Juric, Ester"]
[Black "Mahmutbegovic, Nadina"]
[Result "1/2-1/2"]
[WhiteElo "1395"]
[BlackElo "1930"]
[PlyCount "53"]
[EventDate "2017.12.08"]

1. d4 d5 2. c4 e6 3. Nc3 Nf6 4. Nf3 Be7 5. e3 b6 6. Bd3 dxc4 7. Bxc4 Bb7 8. O-O
O-O 9. b3 Nbd7 10. Bb2 c5 11. dxc5 Nxc5 12. Nd4 a6 13. b4 Nce4 14. a3 Nxc3 15.
Bxc3 Rc8 16. Qb3 Nd5 17. Rac1 Bd6 18. Bb2 Qg5 19. g3 h5 20. f4 Qg4 21. Be2 Qh3
22. Bf3 Ba8 23. Bg2 Qg4 24. Bf3 Qh3 25. Bg2 Qg4 26. Bf3 Qh3 27. Bg2 1/2-1/2

[Event " 20. CAROBNI PRSTEN 2017"]
[Site "Valpovo"]
[Date "2017.12.08"]
[Round "1.8"]
[White "Hlavac, Iva"]
[Black "Juric, Matea"]
[Result "1-0"]
[WhiteElo "1923"]
[BlackElo "1308"]
[PlyCount "55"]
[EventDate "2017.12.08"]

1. e4 e5 2. Nf3 Nc6 3. Bb5 d6 4. h3 Bd7 5. O-O Nf6 6. d3 h6 7. Nc3 a6 8. Ba4 b5
9. Bb3 Na5 10. Bd2 Nxb3 11. axb3 Be7 12. Ra2 Bc6 13. Ne2 O-O 14. Ng3 Re8 15.
Nf5 Bf8 16. c4 Qd7 17. N3h4 Kh7 18. Ne3 Be7 19. Nhf5 g6 20. Nxe7 Rxe7 21. Nd5
Bxd5 22. cxd5 Ree8 23. Qc1 h5 24. f4 exf4 25. Rxf4 Qe7 26. Qf1 Qe5 27. Rxf6
Qd4+ 28. Kh1 1-0

[Event " 20. CAROBNI PRSTEN 2017"]
[Site "Valpovo"]
[Date "2017.12.08"]
[Round "2.1"]
[White "Ivekovic, Tihana"]
[Black "Mikic, Ivana"]
[Result "1-0"]
[WhiteElo "2142"]
[BlackElo "1681"]
[PlyCount "95"]
[EventDate "2017.12.08"]

1. d4 Nf6 2. c4 e6 3. Nf3 b6 4. g3 Bb7 5. Bg2 Bb4+ 6. Bd2 Bxd2+ 7. Qxd2 O-O 8.
Nc3 c5 9. O-O cxd4 10. Nxd4 Bxg2 11. Kxg2 Nc6 12. Ndb5 d5 13. cxd5 Nxd5 14.
Nxd5 Qxd5+ 15. Qxd5 exd5 16. Rfd1 Ne7 17. Rd2 a6 18. Nc7 Rac8 19. Nxa6 Rc4 20.
b3 Rcc8 21. Nb4 Rfd8 22. Rad1 f6 23. e4 d4 24. Rxd4 Rxd4 25. Rxd4 Nc6 26. Rc4
Ne7 27. Rxc8+ Nxc8 28. Nd5 Kf7 29. f4 Ke6 30. Kf3 f5 31. Nc7+ Kd7 32. Nb5 fxe4+
33. Kxe4 Ke6 34. a4 Ne7 35. Nd4+ Kd6 36. b4 g6 37. a5 bxa5 38. bxa5 Nd5 39. a6
Nc7 40. a7 Na8 41. Nf3 Kc6 42. Ng5 h5 43. Ke5 Kb7 44. Kf6 Kxa7 45. Kxg6 Nc7 46.
f5 Kb7 47. f6 Kc8 48. f7 1-0

[Event " 20. CAROBNI PRSTEN 2017"]
[Site "Valpovo"]
[Date "2017.12.08"]
[Round "2.2"]
[White "Raguz, Ivanka"]
[Black "Berke, Ana"]
[Result "0-1"]
[WhiteElo "1795"]
[BlackElo "2122"]
[PlyCount "108"]
[EventDate "2017.12.08"]

1. d4 Nf6 2. c4 e6 3. a3 b6 4. Nc3 Bb7 5. Bg5 Be7 6. Qd2 c5 7. e3 O-O 8. Nge2
d5 9. cxd5 exd5 10. h4 h6 11. Bf4 Nh5 12. g3 f5 13. Bg2 c4 14. O-O-O Na6 15.
Bf3 Nf6 16. h5 Qd7 17. Be5 b5 18. Bxf6 Rxf6 19. Nf4 Nc7 20. Rdg1 a5 21. g4 b4
22. axb4 axb4 23. Nb1 c3 24. bxc3 bxc3 25. Qc2 Ra1 26. gxf5 Rb6 27. Rxg7+ Kxg7
28. f6+ Rxf6 29. Rg1+ Kf8 30. Ng6+ Ke8 31. Ne5 Qf5 32. Rg8+ Bf8 33. e4 dxe4 34.
Qxc3 Rxb1+ 35. Kxb1 exf3+ 36. Kc1 Nd5 37. Qc5 Qc8 38. Kd2 Qxc5 39. dxc5 Ne7 40.
Rh8 Kd8 41. Ng6 Nxg6 42. hxg6 Kc7 43. Rh7+ Kc6 44. g7 Bxg7 45. Rxg7 Ba6 46. Ke3
Kxc5 47. Rh7 Kd5 48. Rc7 Ke5 49. Re7+ Kd6 50. Re4 Be2 51. Re8 Re6+ 52. Rxe6+
Kxe6 53. Kf4 Kd5 54. Kg4 Ke4 0-1

[Event " 20. CAROBNI PRSTEN 2017"]
[Site "Valpovo"]
[Date "2017.12.08"]
[Round "2.3"]
[White "Koksa, Jelena"]
[Black "Vujnovic, Patricija"]
[Result "0-1"]
[WhiteElo "1514"]
[BlackElo "2084"]
[PlyCount "132"]
[EventDate "2017.12.08"]

1. e4 c6 2. Nf3 d5 3. Nc3 dxe4 4. Nxe4 Nf6 5. Qe2 Bg4 6. h3 Bh5 7. d3 Bxf3 8.
Qxf3 Nbd7 9. g3 e6 10. Bg2 Be7 11. Bd2 O-O 12. O-O Qc7 13. Qe2 Rfe8 14. Rad1
Rad8 15. Rfe1 Nd5 16. a3 c5 17. Qf3 Ne5 18. Qe2 Nc6 19. c3 a6 20. Qh5 Nf6 21.
Nxf6+ Bxf6 22. Be4 g6 23. Qxc5 Be7 24. Qe3 Bf8 25. Bc1 Rd7 26. Bg2 Red8 27. Qe2
Bd6 28. Bg5 Rc8 29. h4 Ne7 30. Bf6 Nf5 31. Be5 Bxe5 32. Qxe5 Qb6 33. Qe2 Nxg3
34. Qf3 Nh5 35. Rd2 Qd8 36. Qe4 Rc5 37. Red1 Rf5 38. Qg4 Rf4 39. Qg5 Qc7 40. d4
f6 41. Qc5 Rxh4 42. Qxc7 Rxc7 43. d5 exd5 44. Rxd5 Nf4 45. Rd8+ Kg7 46. R8d7+
Rxd7 47. Rxd7+ Kh6 48. Bxb7 a5 49. c4 Ne6 50. Bd5 Nc5 51. Rc7 Nd3 52. Ra7 Nxb2
53. Rxa5 Rg4+ 54. Kh2 Nd3 55. f3 Rd4 56. Ra8 Nf4 57. Rd8 Rd2+ 58. Kg1 Ra2 59.
Ra8 Kg5 60. Ra7 h5 61. Ra6 Rc2 62. a4 h4 63. Ra5 f5 64. Ra7 h3 65. Rh7 Rg2+ 66.
Kh1 Nh5 0-1

[Event " 20. CAROBNI PRSTEN 2017"]
[Site "Valpovo"]
[Date "2017.12.08"]
[Round "2.5"]
[White "Mahmutbegovic, Nadina"]
[Black "Bevanda, Ema"]
[Result "1-0"]
[WhiteElo "1930"]
[BlackElo "1527"]
[PlyCount "61"]
[EventDate "2017.12.08"]

1. e4 c5 2. Nc3 e6 3. g3 d5 4. exd5 exd5 5. d3 b6 6. Bg2 Bb7 7. Nge2 Nf6 8. O-O
Be7 9. Bg5 Nbd7 10. Re1 h6 11. Bd2 O-O 12. Nf4 Nb8 13. Qf3 Nc6 14. Ncxd5 Rb8
15. Rxe7 Nxe7 16. Nxf6+ Kh8 17. Qh5 Ng6 18. Ne4 Nxf4 19. Bxf4 Rc8 20. Bxh6 Kg8
21. Qg4 Qd4 22. c3 Qe5 23. f4 f5 24. Qg5 Qc7 25. Nd6 Rb8 26. Nxb7 Rxb7 27. Bd5+
Kh7 28. Bxg7 Qxg7 29. Qh5+ Qh6 30. Qxh6+ Kxh6 31. Bxb7 1-0

[Event " 20. CAROBNI PRSTEN 2017"]
[Site "Valpovo"]
[Date "2017.12.08"]
[Round "2.6"]
[White "Ivekovic, Ana"]
[Black "Juric, Ester"]
[Result "1-0"]
[WhiteElo "2110"]
[BlackElo "1395"]
[PlyCount "49"]
[EventDate "2017.12.08"]

1. d4 d5 2. c4 e6 3. Nf3 Nf6 4. Nc3 Be7 5. Bf4 b6 6. cxd5 exd5 7. e3 c5 8. Bb5+
Bd7 9. O-O O-O 10. Bd3 Nc6 11. a3 Bg4 12. Be2 Re8 13. Qa4 Bd7 14. Qc2 h6 15.
Rfd1 cxd4 16. Nxd4 Nxd4 17. Rxd4 Bc5 18. Rd2 Be6 19. b4 Be7 20. Bf3 Rc8 21. Qd3
Qd7 22. Nxd5 Nxd5 23. Bxd5 Bxd5 24. Qxd5 Qc7 25. Bxc7 1-0

[Event " 20. CAROBNI PRSTEN 2017"]
[Site "Valpovo"]
[Date "2017.12.08"]
[Round "2.8"]
[White "Ivekovic, Zvjezdana"]
[Black "Kejzar, Petra"]
[Result "1-0"]
[WhiteElo "1683"]
[BlackElo "2039"]
[PlyCount "99"]
[EventDate "2017.12.08"]

1. d4 g6 2. c4 Bg7 3. Nf3 f5 4. Nc3 Nf6 5. Qc2 c6 6. e3 O-O 7. d5 Qc7 8. Bd3
Na6 9. O-O Nb4 10. Qe2 cxd5 11. cxd5 Kh8 12. Bc4 Ne4 13. Nb5 Qb8 14. a3 Na6 15.
Nbd4 Nac5 16. a4 b6 17. b4 Nb7 18. Bb2 Nbd6 19. Ba2 a5 20. b5 Bb7 21. Rfc1 Rc8
22. Ne1 Rxc1 23. Rxc1 Qd8 24. Nd3 Rc8 25. Rc2 Rxc2 26. Qxc2 Qc8 27. f3 Qxc2 28.
Nxc2 Bxb2 29. fxe4 Bc3 30. e5 Nf7 31. Nd4 Bxd4 32. exd4 d6 33. Kf2 Ng5 34. Ke3
Ne4 35. Nf4 Nc3 36. Bb3 g5 37. Kd3 Ne4 38. Ne6 dxe5 39. dxe5 Bc8 40. Nc7 Nc5+
41. Kc4 Bb7 42. Bc2 f4 43. e6 Kg8 44. d6 Nxe6 45. Nxe6 exd6 46. Nxg5 Bxg2 47.
Be4 h6 48. Bxg2 hxg5 49. Kd5 g4 50. Kxd6 1-0

[Event " 20. CAROBNI PRSTEN 2017"]
[Site "Valpovo"]
[Date "2017.12.08"]
[Round "2.9"]
[White "Purkic, Ruza"]
[Black "Maroslavac, Ivana"]
[Result "0-1"]
[WhiteElo "1529"]
[BlackElo "1687"]
[PlyCount "106"]
[EventDate "2017.12.08"]

1. c4 Nf6 2. d4 e6 3. g3 Bb4+ 4. Bd2 Bxd2+ 5. Nxd2 O-O 6. Bg2 d5 7. c5 Re8 8.
Ngf3 Nbd7 9. e3 e5 10. dxe5 Nxe5 11. Nxe5 Rxe5 12. b4 c6 13. O-O Bf5 14. a4 Qd7
15. Re1 Re7 16. Qb3 a6 17. Rad1 Bh3 18. Bh1 Qc7 19. Nf3 Bd7 20. Rd4 Re4 21.
Red1 Rae8 22. Ng5 Rxd4 23. Rxd4 h6 24. Nf3 Re4 25. Qd3 a5 26. Nd2 Rxd4 27. Qxd4
axb4 28. Qxb4 Bc8 29. a5 Qe7 30. e4 dxe4 31. Nxe4 Nxe4 32. Qxe4 Qxc5 33. Qe8+
Qf8 34. Qxf8+ Kxf8 35. Kf1 Ke7 36. Ke2 Kd6 37. Be4 Be6 38. Bd3 Kc5 39. Kd2 Bc4
40. Bc2 Kb5 41. Kc3 Bd5 42. Kd4 Kxa5 43. f4 Kb4 44. g4 b5 45. g5 Ka3 46. h4 b4
47. f5 hxg5 48. hxg5 b3 49. Bd3 Ka2 50. Ke5 b2 51. Kd6 b1=Q 52. Bxb1+ Kxb1 53.
Ke7 g6 0-1

[Event " 20. CAROBNI PRSTEN 2017"]
[Site "Valpovo"]
[Date "2017.12.09"]
[Round "3.2"]
[White "Berke, Ana"]
[Black "Hlavac, Iva"]
[Result "0-1"]
[WhiteElo "2122"]
[BlackElo "1923"]
[PlyCount "128"]
[EventDate "2017.12.08"]

1. e4 e5 2. Nf3 Nc6 3. Bb5 a6 4. Ba4 Nf6 5. d3 b5 6. Bb3 Be7 7. O-O O-O 8. c3
d6 9. Nbd2 Na5 10. Bc2 c5 11. Re1 Nc6 12. Nf1 b4 13. Ng3 Ne8 14. h3 Be6 15. Be3
Rb8 16. d4 cxd4 17. cxd4 exd4 18. Nxd4 Nxd4 19. Bxd4 Bf6 20. Nf5 Be5 21. Qd2
Rc8 22. Bb3 a5 23. Rad1 Bxb3 24. axb3 Qf6 25. f4 Bxd4+ 26. Nxd4 Nc7 27. Nf5 d5
28. Qd4 Qxd4+ 29. Rxd4 Rce8 30. Nd6 Rd8 31. e5 Ne6 32. Rxd5 Nxf4 33. Rxa5 Nd3
34. Rd1 Nf4 35. Kh2 Ra8 36. Rxa8 Rxa8 37. Rf1 Ng6 38. Nxf7 Re8 39. Kg3 Nxe5 40.
Nxe5 Rxe5 41. Rf4 Re3+ 42. Rf3 Re2 43. Rf2 Re3+ 44. Kf4 Rxb3 45. Ke4 Rg3 46.
Kd4 b3 47. Kc4 g5 48. Rf3 Rxg2 49. Kxb3 h5 50. Kc3 h4 51. Rd3 Rg3 52. Kc4 Kg7
53. b4 Kg6 54. Rd5 Rxh3 55. b5 Rh1 56. b6 Rc1+ 57. Kd4 Rb1 58. Rd6+ Kh5 59. Ke4
Kg4 60. Rh6 h3 61. Kd5 Kg3 62. Kc6 h2 63. b7 Kg2 64. Kc7 Rxb7+ 0-1

[Event " 20. CAROBNI PRSTEN 2017"]
[Site "Valpovo"]
[Date "2017.12.09"]
[Round "3.3"]
[White "Roklicer, Heike"]
[Black "Mahmutbegovic, Nadina"]
[Result "1/2-1/2"]
[WhiteElo "2059"]
[BlackElo "1930"]
[PlyCount "76"]
[EventDate "2017.12.08"]

1. d4 d5 2. c4 e6 3. Nf3 Nf6 4. g3 Be7 5. Bg2 O-O 6. Qc2 Nbd7 7. O-O b6 8. Nc3
Bb7 9. cxd5 exd5 10. Bf4 c5 11. Rfd1 c4 12. Ne5 Bb4 13. Nxc4 Rc8 14. Nd6 Bxd6
15. Bxd6 Re8 16. Qb3 Ne4 17. Nxe4 dxe4 18. e3 Qf6 19. Ba3 Qh6 20. Rdc1 Nf6 21.
Qd1 Nd5 22. Qe2 Rc6 23. Rxc6 Qxc6 24. Qd2 Nf6 25. Rc1 Qe6 26. b3 Rc8 27. Rxc8+
Qxc8 28. Qc1 Qd7 29. Qc4 Bd5 30. Qb4 h6 31. Qc3 Ng4 32. Bh3 Qf5 33. Bxg4 Qxg4
34. Qd2 Be6 35. d5 Bd7 36. Qe1 Qf3 37. Qf1 Qh5 38. h4 Qxd5 1/2-1/2

[Event " 20. CAROBNI PRSTEN 2017"]
[Site "Valpovo"]
[Date "2017.12.09"]
[Round "3.4"]
[White "Bevanda, Ema"]
[Black "Ivekovic, Ana"]
[Result "0-1"]
[WhiteElo "1527"]
[BlackElo "2110"]
[PlyCount "94"]
[EventDate "2017.12.08"]

1. d4 Nf6 2. Bf4 g6 3. e3 Bg7 4. Nf3 d6 5. h3 O-O 6. Be2 Nbd7 7. Nbd2 Re8 8.
O-O c5 9. c3 a6 10. a4 b6 11. Qb3 Bb7 12. Rfd1 Qc8 13. Rac1 Bd5 14. Qc2 e5 15.
dxe5 dxe5 16. Bh2 e4 17. Ne1 c4 18. b3 b5 19. Qa2 cxb3 20. Nxb3 Nb6 21. a5 Nc4
22. Nc2 Nxa5 23. Rxd5 Nxd5 24. Qxa5 Nxc3 25. Ncd4 Bxd4 26. Nxd4 Nxe2+ 27. Nxe2
Qd8 28. Qa1 Qe7 29. Rc7 Qb4 30. Be5 Rxe5 31. Qxe5 Qe1+ 32. Kh2 Qxe2 33. Qxe4
Rf8 34. Rc2 Qd1 35. Ra2 Qd6+ 36. Kg1 Rc8 37. Qb1 Qc6 38. Kh2 Qd6+ 39. Kh1 Rd8
40. Ra1 Qb6 41. Ra2 a5 42. Qa1 a4 43. Qb1 Qa5 44. Rb2 a3 45. Rxb5 a2 46. Rxa5
axb1=Q+ 47. Kh2 Qe1 0-1

[Event " 20. CAROBNI PRSTEN 2017"]
[Site "Valpovo"]
[Date "2017.12.09"]
[Round "3.5"]
[White "Mikic, Ivana"]
[Black "Raguz, Ivanka"]
[Result "1/2-1/2"]
[WhiteElo "1681"]
[BlackElo "1795"]
[PlyCount "115"]
[EventDate "2017.12.08"]

1. e4 e5 2. Nf3 Nc6 3. Bb5 a6 4. Ba4 Nf6 5. O-O Be7 6. Re1 b5 7. Bb3 O-O 8. h3
d6 9. c3 Nb8 10. d4 Nbd7 11. Nbd2 c5 12. d5 c4 13. Bc2 Nc5 14. Nf1 Qc7 15. Ng3
a5 16. Be3 b4 17. Bxc5 Qxc5 18. Qd2 Bd7 19. a3 Rab8 20. axb4 axb4 21. Ba4 bxc3
22. Qxc3 Rfc8 23. Bxd7 Nxd7 24. Reb1 Rb3 25. Qc2 Rcb8 26. Nd2 Rxg3 27. Qxc4 Rg6
28. Qxc5 Nxc5 29. b4 Nd3 30. b5 Nf4 31. g3 Ne2+ 32. Kf1 Nc3 33. Rb3 Bg5 34.
Rxc3 Bxd2 35. Rb3 f5 36. b6 Rf6 37. b7 fxe4 38. Ke2 Bh6 39. Ra4 g5 40. Rxe4 Rf7
41. Reb4 Rc7 42. Rb2 Bg7 43. Kd2 Kf7 44. R2b3 Kg6 45. Ke3 h5 46. Rb6 Kf5 47. f3
g4 48. fxg4+ hxg4 49. hxg4+ Kxg4 50. Rxd6 Rbxb7 51. Rxb7 Rxb7 52. Re6 Kxg3 53.
d6 Rd7 54. Ke4 Bh8 55. Re8 Bf6 56. Re6 Rf7 57. d7 Rxd7 58. Rxf6 1/2-1/2

[Event " 20. CAROBNI PRSTEN 2017"]
[Site "Valpovo"]
[Date "2017.12.09"]
[Round "3.7"]
[White "Juric, Matea"]
[Black "Ivekovic, Zvjezdana"]
[Result "0-1"]
[WhiteElo "1308"]
[BlackElo "1683"]
[PlyCount "80"]
[EventDate "2017.12.08"]

1. e4 e5 2. Nf3 Nc6 3. Bc4 Bc5 4. d3 Nf6 5. h3 d6 6. Nc3 O-O 7. O-O a6 8. a3
Be6 9. Ba2 Bxa2 10. Nxa2 d5 11. Nc3 d4 12. Ne2 Nd7 13. c3 Qf6 14. cxd4 Nxd4 15.
Nexd4 exd4 16. Qb3 b5 17. Bg5 Qe6 18. Qc2 h6 19. Bf4 g5 20. Bxc7 Rfc8 21. Bh2
Bxa3 22. Qd2 Bd6 23. Rac1 Nc5 24. Qe2 Nb3 25. Rc2 Rxc2 26. Qxc2 Rc8 27. Qe2 Bb4
28. Rd1 Qc6 29. Ne1 Bxe1 30. Qxe1 Qc2 31. Rb1 Nc1 32. Ra1 Nxd3 33. Qf1 Qxb2 34.
Rd1 Nc1 35. Be5 Ne2+ 36. Kh1 Rc2 37. Rc1 Qxc1 38. Qxc1 Nxc1 39. Bxd4 b4 40. g3
b3 0-1

[Event " 20. CAROBNI PRSTEN 2017"]
[Site "Valpovo"]
[Date "2017.12.09"]
[Round "3.8"]
[White "Juric, Ester"]
[Black "Koksa, Jelena"]
[Result "0-1"]
[WhiteElo "1395"]
[BlackElo "1514"]
[PlyCount "98"]
[EventDate "2017.12.08"]

1. d4 d5 2. c4 dxc4 3. Nc3 Nc6 4. e3 a6 5. Bxc4 Nf6 6. h3 b5 7. Bd3 Bb7 8. Nf3
e6 9. O-O Nb8 10. a3 c5 11. Be2 Nbd7 12. b3 Rc8 13. Bb2 Be7 14. Rc1 O-O 15. Re1
Qb6 16. dxc5 Nxc5 17. b4 Ncd7 18. Nd4 Rfd8 19. Bf3 Ne5 20. Bxb7 Qxb7 21. Qe2
Nc4 22. Red1 Rd7 23. Nb3 Rxd1+ 24. Rxd1 Nxb2 25. Qxb2 Nd7 26. f4 Bf6 27. Rc1
Qa7 28. Kf2 Nb6 29. Nd2 Qb7 30. Nde4 Qe7 31. Qe2 Nc4 32. a4 Bxc3 33. Rxc3 Qxb4
34. axb5 axb5 35. Rd3 Qe7 36. Rc3 Qb7 37. Rxc4 Rxc4 38. Nd6 Qc6 39. Nxc4 bxc4
40. Qb2 Qc7 41. Ke2 c3 42. Qc2 e5 43. g3 Qa5 44. Qb3 h6 45. Qb8+ Kh7 46. Qxe5
Qa2+ 47. Kf3 c2 48. Qf5+ g6 49. Qc5 Qb2 0-1

[Event " 20. CAROBNI PRSTEN 2017"]
[Site "Valpovo"]
[Date "2017.12.09"]
[Round "3.9"]
[White "Kejzar, Petra"]
[Black "Purkic, Ruza"]
[Result "1-0"]
[WhiteElo "2039"]
[BlackElo "1529"]
[PlyCount "75"]
[EventDate "2017.12.08"]

1. e4 c5 2. Nf3 d6 3. d4 cxd4 4. Qxd4 Nc6 5. Qe3 Nf6 6. h3 g6 7. Be2 Bg7 8. O-O
O-O 9. Nc3 Bd7 10. Qg5 Qc7 11. Qh4 Rfc8 12. Bh6 Bh8 13. Rad1 Nb4 14. Rd2 Be6
15. a3 Na6 16. Nb5 Qc6 17. Ng5 Bc4 18. Nd4 Qd7 19. f4 Bxe2 20. Rxe2 Qa4 21. c3
Nd7 22. e5 Qc4 23. Kh1 dxe5 24. fxe5 f6 25. exf6 Bxf6 26. Qf2 Nac5 27. Nge6
Nxe6 28. Nxe6 Rc6 29. Nd4 Re8 30. Nxc6 Qxc6 31. Bg5 Qc4 32. Bxf6 Nxf6 33. Qe3
Nh5 34. Rf3 Qa4 35. Qe6+ Kg7 36. Rf7+ Kh6 37. Qe3+ g5 38. Qe6+ 1-0

[Event " 20. CAROBNI PRSTEN 2017"]
[Site "Valpovo"]
[Date "2017.12.09"]
[Round "4.1"]
[White "Hlavac, Iva"]
[Black "Vujnovic, Patricija"]
[Result "0-1"]
[WhiteElo "1923"]
[BlackElo "2084"]
[PlyCount "74"]
[EventDate "2017.12.08"]

1. e4 c6 2. d4 d5 3. e5 c5 4. c3 Nc6 5. Bb5 e6 6. Nf3 Qb6 7. Bxc6+ bxc6 8. O-O
Ba6 9. Re1 cxd4 10. Nxd4 Ne7 11. Nd2 Bb7 12. N2f3 c5 13. Nb3 a5 14. Be3 Nf5 15.
Qe2 a4 16. Nc1 Nxe3 17. fxe3 Be7 18. Qf2 O-O 19. Nd3 a3 20. b3 Rad8 21. Nf4 d4
22. c4 Bxf3 23. Qxf3 Bg5 24. exd4 Bxf4 25. Qxf4 Rxd4 26. Qf3 Qa5 27. Rad1 Rd2
28. Rxd2 Qxd2 29. Qe2 Rd8 30. Kf1 Qf4+ 31. Kg1 Rd2 32. Qe3 Qxe3+ 33. Rxe3 g6
34. Kf1 Rxa2 35. Rd3 Rb2 36. Rd8+ Kg7 37. Ra8 a2 0-1

[Event " 20. CAROBNI PRSTEN 2017"]
[Site "Valpovo"]
[Date "2017.12.09"]
[Round "4.2"]
[White "Ivekovic, Tihana"]
[Black "Berke, Ana"]
[Result "0-1"]
[WhiteElo "2142"]
[BlackElo "2122"]
[PlyCount "72"]
[EventDate "2017.12.08"]

1. d4 Nf6 2. c4 e6 3. Nf3 b6 4. g3 Ba6 5. Qc2 c5 6. Bg2 Bb7 7. O-O Be7 8. Nc3
O-O 9. Rd1 cxd4 10. Nxd4 Bxg2 11. Kxg2 Qc8 12. Qd3 Nc6 13. b3 Ne5 14. Qc2 Qb7+
15. f3 Rac8 16. Qb2 Rfe8 17. Be3 d5 18. cxd5 Rxc3 19. Qxc3 Nxd5 20. Qc1 Rc8 21.
Qxc8+ Qxc8 22. Bf2 h6 23. Rac1 Qb7 24. Kg1 Bc5 25. Rc2 a5 26. a4 Qe7 27. Kg2
Qg5 28. h4 Qg6 29. Rcd2 h5 30. Kh1 Qf6 31. Bg1 Qh6 32. f4 Ng4 33. e4 Nxf4 34.
gxf4 Qxf4 35. Kg2 Qxe4+ 36. Nf3 Ne5 0-1

[Event " 20. CAROBNI PRSTEN 2017"]
[Site "Valpovo"]
[Date "2017.12.09"]
[Round "4.3"]
[White "Ivekovic, Ana"]
[Black "Maroslavac, Ivana"]
[Result "1-0"]
[WhiteElo "2110"]
[BlackElo "1687"]
[PlyCount "73"]
[EventDate "2017.12.08"]

1. d4 Nf6 2. c4 e6 3. Nf3 Bb4+ 4. Bd2 Bxd2+ 5. Nbxd2 d5 6. e3 O-O 7. Bd3 Qe7 8.
O-O c5 9. dxc5 Qxc5 10. Rc1 dxc4 11. Rxc4 Qd6 12. Qc2 Rd8 13. Rxc8 Nc6 14. Rxa8
Rxa8 15. Ne4 Nxe4 16. Bxe4 h6 17. Bxc6 Qxc6 18. Qxc6 bxc6 19. Rc1 Rb8 20. b3
Rb6 21. Ne5 Ra6 22. a4 Rb6 23. Rc3 c5 24. g3 Rb7 25. Nc4 Kf8 26. Na5 Rd7 27.
Rxc5 Ke7 28. Kf1 f6 29. h4 e5 30. Ke2 Kd6 31. b4 Ke6 32. Nc4 Rb7 33. b5 Kd7 34.
a5 Ke7 35. a6 Rd7 36. b6 axb6 37. Nxb6 1-0

[Event " 20. CAROBNI PRSTEN 2017"]
[Site "Valpovo"]
[Date "2017.12.09"]
[Round "4.4"]
[White "Mahmutbegovic, Nadina"]
[Black "Koksa, Jelena"]
[Result "1/2-1/2"]
[WhiteElo "1930"]
[BlackElo "1514"]
[PlyCount "71"]
[EventDate "2017.12.08"]

1. e4 e5 2. Nf3 Nc6 3. Nc3 Nf6 4. a3 h6 5. d4 exd4 6. Nxd4 d5 7. Bb5 Qd6 8. O-O
Bd7 9. Re1 dxe4 10. Bxc6 Bxc6 11. Nxc6 Qxc6 12. Qe2 O-O-O 13. Bf4 Bd6 14. Nb5
Kb8 15. Nxd6 cxd6 16. c4 Ka8 17. Rac1 Rhe8 18. b4 Nd7 19. a4 Ne5 20. b5 Qc8 21.
Qxe4 Ng6 22. Qd4 Rxe1+ 23. Rxe1 Qc5 24. Qd2 Nxf4 25. Qxf4 Qb4 26. Qe4 Qxa4 27.
Qe7 Qa5 28. h3 Rc8 29. Rd1 Qa4 30. Rxd6 Qxc4 31. Rd8 Qc1+ 32. Kh2 Qf4+ 33. Kg1
Qc1+ 34. Kh2 Qf4+ 35. Kg1 Qc1+ 36. Kh2 1/2-1/2